Central Library OPAC University of Rajshahi

Food first : (Record no. 37254)

MARC details
000 -LEADER
fixed length control field 00930nam a22003011a 4500
001 - CONTROL NUMBER
control field 37254
003 - CONTROL NUMBER IDENTIFIER
rucl marc code BD-RjUL
005 - DATE AND TIME OF LATEST TRANSACTION
control field 20211209052607.0
008 - FIXED-LENGTH DATA ELEMENTS--GENERAL INFORMATION
fixed length control field 141117r19801977enk 001 0 eng d
020 ## - INTERNATIONAL STANDARD BOOK NUMBER
International Standard Book Number 0285648969
Canceled/invalid ISBN 0285648950
035 ## - SYSTEM CONTROL NUMBER
System control number (BD-RjUL)37356
System control number 3009262
040 ## - CATALOGING SOURCE
Original cataloging agency AUC
Language of cataloging eng
Transcribing agency AUC
Modifying agency AUC
-- BD-RjUL
041 ## - LANGUAGE CODE
Language code of text/sound track or separate title eng
082 ## - DEWEY DECIMAL CLASSIFICATION NUMBER
Edition number 22
Classification number 338.19
Author mark and year LAF 1980
100 1# - MAIN ENTRY--PERSONAL NAME
Personal name Lappe, Frances Moore.
9 (RLIN) 114117
245 10 - TITLE STATEMENT
Title Food first :
Remainder of title the myth of scarcity /
Statement of responsibility, etc. [by] Frances Moore Lappe and Joseph Collins.
250 ## - EDITION STATEMENT
Edition statement [Revised updated ed.].
260 ## - PUBLICATION, DISTRIBUTION, ETC. (IMPRINT)
Place of publication, distribution, etc. London :
Name of publisher, distributor, etc. Souvenir Press,
Date of publication, distribution, etc. 1980.
300 ## - PHYSICAL DESCRIPTION
Pagination 416p. ;
Size 23cm.
500 ## - GENERAL NOTE
General note 'A Condor book'.
General note Previous ed.: Boston: Houghton Mifflin, 1977.
504 ## - BIBLIOGRAPHY, ETC. NOTE
Bibliography, etc Includes bibliography:( p. 356-365) and index.
650 #0 - SUBJECT ADDED ENTRY--TOPICAL TERM
Topical term or geographic name as entry element Food supply.
9 (RLIN) 114118
700 1# - ADDED ENTRY--PERSONAL NAME
Personal name Collins, Joseph.
942 ## - ADDED ENTRY ELEMENTS (KOHA)
Source of classification or shelving scheme Dewey Decimal Classification
Koha item type Books
Holdings
Lost status Source of classification or shelving scheme Damaged status Not for loan Collection code Permanent Location Current Location Shelving location Date acquired Source of acquisition Total Checkouts Full call number Date last seen Copy number Koha item type
  Dewey Decimal Classification   Not For Loan Non-fiction Institute of Biological Sciences (IBSc) Library Institute of Biological Sciences (IBSc) Library   17/11/2014 British Council   338.19 LAF 1980 17/11/2014 C-1 Books